000 00516nam a22001817a 4500
999 _c5703
_d5703
003 AR-CdUCM
008 190313b ||||| |||| 00| 0 spa d
040 _aMUNICIPALIDAD PROVINCIAL DEL CUSCO
_cBIBLIOTECA MUNICIPAL DEL CUSCO
082 _a895.1 /
_bL92
100 _aLu, Sin
_91532
245 _aAntiguos relatos vueltos a contar /
260 _aPekin :
_bLenguas Extranjeras,
_c1963.
300 _a163 páginas ;
_c18 cm.
505 _aCuentos.
650 _aCuentos.
_9217
942 _2ddc
_cLIBROS
945 _awfj